Aktuárske metódy v oblasti zdravotného a nemocenského poistenia
Charakteristika verejného zdravotného poistenia, ktoré u nás vykonávajú zdravotné poisťovne, ich zastúpenie a podiel na trhu na Slovensku. Matematický aparát, modely aktuárskych výpočtov, a z nich diskrétne prístupy na konkrétnych výpočtoch nemocenských dávok.
Salvato in:
| Autore principale: | |
|---|---|
| Altri autori: | |
| Natura: | Capitolo di libro |
| Lingua: | slovacco |
| Soggetti: | |
| Tags: |
Nessun Tag, puoi essere il primo ad aggiungerne!!
|
MARC
| LEADER | 00000naa a2200000 4500 | ||
|---|---|---|---|
| 001 | 0267209 | ||
| 005 | 20251204132721.4 | ||
| 041 | 0 | |a slo | |
| 044 | |a SK | ||
| 245 | 1 | 0 | |a Aktuárske metódy v oblasti zdravotného a nemocenského poistenia |c Zsolt Simonka, Lea Škrovánková |
| 520 | |a Charakteristika verejného zdravotného poistenia, ktoré u nás vykonávajú zdravotné poisťovne, ich zastúpenie a podiel na trhu na Slovensku. Matematický aparát, modely aktuárskych výpočtov, a z nich diskrétne prístupy na konkrétnych výpočtoch nemocenských dávok. | ||
| 610 | 2 | 0 | |a poistenie zdravotné |
| 610 | 2 | 0 | |a poisťovne zdravotné |
| 610 | 2 | 0 | |a modely aktuárske |
| 610 | 2 | 0 | |a aktuárstvo |
| 610 | 2 | 0 | |a dávky poistenia nemocenského |
| 100 | 1 | |a Simonka, Zsolt, 1974- | |
| 700 | 1 | |a Škrovánková, Lea, 1954- | |